000 00377nam a2200133 a 4500
005 20141022142001.0
008 100916s19uu xx 00 eng d
050 _aDVD
_bW11 2004
245 _aWar of the Century :When Hitler fought Stalin :
_bLearning to win vengeance.
260 _bBBC,
_c2004.
650 _aDVD
650 _aHistory-fiction; motion picture
942 _cAVM
999 _c276274
_d276274